LEADER 01374nam a2200337 a 4500 001 000000134769 003 CaOOAMICUS 005 20130702150117.0 008 130702s1998 it u000 u ita r 020 $a88-06-14770-6 040 $aPUL$bita 041 1 $aita$heng 082 04$a270.6 100 1 $aBossy, John.$0(OLS)http://pul/name/86834 245 10$aDalla comunità all'individuo :$bper una storia sociale dei sacramenti nell'Europa moderna /$cJohn Bossy. 260 $aTorino :$bEinaudi,$c©1998. 300 $aXVII, 198 p. ;$c21 cm 490 1 $aBiblioteca Einaudi ;$v28 500 $aInclude indice. 504 $aBibliografia in nota. 650 4$aControriforma.$0(OLS)http://pul/subject/3420 650 4$aSacramenti$xStoria.$0(OLS)http://pul/subject/1697 830 0$aBiblioteca Einaudi ;$v28.$0(OLS)http://pul/title/60318 850 $aPUL 852 $aPUL$W1$xSL Religione 3$y85$m270. 6 BOSJO 1$j155005$qDDC 21$B154558$CPULBib$Z2$F154558 $H122638 $82 941 1 $a9 996 $6020$a88-06-14770-6$9(OLS)http://pul/number/153209 996 $6082$a270.6$9(OLS)http://pul/classification/130 996 $6245$aDalla comunità all'individuo :$bper una storia sociale dei sacramenti nell'Europa moderna$9(OLS)http://pul/title/170426 996 $6260$aTorino :$bEinaudi$9(OLS)http://pul/publisher/48130 LEADER 01645aam a2200361 a 4500 001 000000027150 003 CaOOAMICUS 005 20100929165455.0 008 960112s1995 be u000 u ita r 020 $a2503410723 (v. 1) 020 $a2503410820 (v. 2) 035 $a10704156 040 $aPUL$bita 041 1 $aita$hmul 245 10$aAscensio Isaiae. 260 $aTourhout :$bBrepols,$c1995. 300 $a2 v. ;$c25 cm 490 1 $aCorpus Christianorum.$aSeries Apocryphorum ;$v7-8 505 0 $aV.1. Textus / cura Paolo Bettiolo ... [et al.] -- v.2. Commentarius / cura Enrico Norelli. 546 $aIntroduzione e commento in italiano, testi multilingue con traduzione italiana a fronte. 630 04$aAscensio Isaiae.$0(OLS)http://pul/subject/6024 700 1 $aBettiolo, Paolo,$d1947-$0(OLS)http://pul/name/11989 700 1 $aNorelli, Enrico.$0(OLS)http://pul/name/379 830 0$aCorpus Christianorum.$pSeries Apocryphorum ;$v7-8.$0(OLS)http://pul/title/2762 850 $aPUL 852 $aPUL$W1$xSL Cons. Gen., Altre Classi 1$y1$m2008 E 1.8$j37828$nBK-PRI$av.2.$qStampati$B37829$CPULBib$Z2$F37829 $H87643 $82 852 $aPUL$W1$xSL Cons. Gen., Altre Classi 1$y1$m2008 E 1.7$j124187$nBK-PRI$av.1.$qStampati$B37828$CPULBib$Z2$F37828 $H87642 $82 941 1 $a8 996 $6020$a2503410723 (v. 1)$9(OLS)http://pul/number/33751 996 $6020$a2503410820 (v. 2)$9(OLS)http://pul/number/33752 996 $6245$aAscensio Isaiae$9(OLS)http://pul/title/37216 996 $6260$aTourhout :$bBrepols$9(OLS)http://pul/publisher/48998